000 00698nam a2200241 a 4500
001 10327
003 CO-ViMGA
008 141112s2004 ck r 000 u spa d
020 _a9800102574
040 _aCO-ViMGA
_bspa
_cCO-ViMGA
082 0 4 _a327 S82v
100 1 _aSucre Figarella ; Jose Francisco,
_913605
245 1 0 _aVenezuela :
_bEn un mundo en Crisis
250 _a1
260 _aVenezuela :
_bMonte Avila Editores C.A,
_c1988
300 _a182p.
650 1 4 _aCRISIS ECONOMICA
_950709
650 1 4 _aCRISIS PolĂ­tica
_913606
650 1 4 _aDEMOCRACIAS
_913607
650 1 4 _aRELACIONES INTERNACIONALES
_951501
650 1 4 _aVENEZUELA - RELACIONES EXTERIORES
_913608
942 _2ddc
_cBK
999 _c21680
_d21680